Pozor, na javisku ide občas aj o vraždu!

Bibliographic Details
Main Authors: Karnasová, Andrea, 1974- (Author), Vrbická, Eva (Author)
Format: Article
Language:Slovak
PhysicalDescription:Fotogr. 1
Subjects:

MARC

LEADER 00000nab a2200000 a 4500
001 vtls000606927
003 SK-MaSNL
005 20260303170114.0
008 160401c1996 xo 0 slo
015 |a SNBRB19rr/mm-uuuuu 
035 |a CL0607066 
040 |a SNKBUCL  |b slo  |c SNKBUCL  |e AACR2 
041 0 |a slo 
044 |a xo  |c SK 
080 |a 792.071.2  |2 1981 
080 |a 791.44.071.2  |2 1981 
100 1 |a Karnasová, Andrea,  |d 1974-  |4 aut  |9 316021 
245 1 0 |a Pozor, na javisku ide občas aj o vraždu!  |c Andrea Karnasová, Eva Vrbická 
300 |b Fotogr. 1 
600 1 7 |a Karnasová, Andrea  |d ?-  |x rozhovory  |2 snkbucl  |9 1193063 
650 0 7 |a Karnasová, Andrea  |2 snkbucl  |9 1193064 
655 7 |a články z novín a časopisov  |2 snkbucl  |9 267496 
700 1 |a Vrbická, Eva  |4 aut  |9 311417 
773 0 |t Práca  |g Roč. 51, č. 288 (10. 12. 1996), s. 10 
850 |a Slovenská národná knižnica v Martine  |a MTA001 
852 |a SNK  |b KIS3GCP 
958 |a SK 
958 |a RK 
958 |a RBX 
999 |c 2075200  |d 2077130